[Event "GER AM02-B email"]
[Site "GER email"]
[Date "2016.06.26"]
[Round "?"]
[White "Joppich, Ulrich"]
[Black "Schuster, Peter"]
[Result "1/2-1/2"]
[WhiteElo "2468"]
[BlackElo "2451"]
[PlyCount "61"]
[EventDate "2016.??.??"]
[EventType "tourn (corr)"]
[EventRounds "14"]
[EventCountry "GER"]
[SourceTitle "Corr 2017"]
[Source "ChessBase"]
[SourceDate "2017.09.19"]
[SourceVersion "1"]
[SourceVersionDate "2017.09.19"]
[SourceQuality "1"]

1. d4 d5 2. Nf3 c6 3. c4 Nf6 4. e3 a6 5. Nc3 g6 6. Be2 Bg7 7. 0-0 0-0 8. b3 Ne4 9. Bb2 Nxc3 10. Bxc3 Bg4 11. h3 Bxf3 12. Bxf3 e6 13. Qd2 Nd7 14. e4 dxe4 15. Bxe4 Qc7 16. Rac1 Rad8 17. Rfd1 Rfe8 18. g3 b6 19. Bg2 c5 20. d5 exd5 21. Bxd5 Re7 22. Re1 Bxc3 23. Qxc3 Rxe1+ 24. Rxe1 Qd6 25. Rd1 Qe7 26. Bb7 Nf8 27. Rxd8 Qxd8 28. Qe5 a5 29. Bd5 g5 30. Be4 Ng6 31. Qc3 1/2-1/2

[Event "GER AM02-B email"]
[Site "GER email"]
[Date "2016.06.26"]
[Round "?"]
[White "Matheis, Thomas"]
[Black "Schuster, Peter"]
[Result "1/2-1/2"]
[WhiteElo "2454"]
[BlackElo "2451"]
[PlyCount "110"]
[EventDate "2016.??.??"]
[EventType "tourn (corr)"]
[EventRounds "14"]
[EventCountry "GER"]
[SourceTitle "Corr 2017"]
[Source "ChessBase"]
[SourceDate "2017.09.19"]
[SourceVersion "1"]
[SourceVersionDate "2017.09.19"]
[SourceQuality "1"]

1. e4 c5 2. Nf3 Nc6 3. d4 cxd4 4. Nxd4 Nf6 5. Nc3 e5 6. Ndb5 d6 7. Bg5 a6 8. Na3 b5 9. Nd5 Be7 10. Bxf6 Bxf6 11. c4 b4 12. Nc2 a5 13. g3 0-0 14. Bg2 Bg5 15. 0-0 Ne7 16. Nce3 Be6 17. Qd3 Bxe3 18. Nxe3 Qc7 19. Rad1 Rfd8 20. Rd2 Nc6 21. Nf5 a4 22. Qf3 f6 23. Rfd1 g6 24. Qg4 Bc8 25. Qh4 gxf5 26. exf5 Ra6 27. Qxf6 Qg7 28. Qh4 Rf8 29. Rxd6 Nd4 30. f6 Qg6 31. Rxa6 Bxa6 32. Bd5+ Kh8 33. f7 Qxf7 34. Qxd4 exd4 35. Bxf7 Rxf7 36. Rxd4 Rc7 37. c5 Bb5 38. Rxb4 Rxc5 39. g4 Bc6 40. h3 Rc2 41. Rb6 Kg7 42. b3 Kf6 43. Ra6 Ke5 44. Ra5+ Bd5 45. Rxa4 Be4 46. Ra7 Rc1+ 47. Kh2 Kf4 48. Rf7+ Kg5 49. Re7 Rh1+ 50. Kg3 Rg1+ 51. Kh2 Rg2+ 52. Kh1 Rxg4+ 53. Kh2 Rf4 54. f3 Bf5 55. Kg3 Rb4 1/2-1/2

[Event "GER AM02-B email"]
[Site "GER email"]
[Date "2016.06.26"]
[Round "?"]
[White "Schuster, Peter"]
[Black "Utesch, Wolfgang"]
[Result "1/2-1/2"]
[WhiteElo "2451"]
[BlackElo "2461"]
[PlyCount "60"]
[EventDate "2016.??.??"]
[EventType "tourn (corr)"]
[EventRounds "14"]
[EventCountry "GER"]
[SourceTitle "Corr 2017"]
[Source "ChessBase"]
[SourceDate "2017.09.19"]
[SourceVersion "1"]
[SourceVersionDate "2017.09.19"]
[SourceQuality "1"]

1. e4 c5 2. Nc3 d6 3. f4 Nc6 4. Nf3 g6 5. d4 cxd4 6. Nxd4 Nf6 7. Be3 Bg7 8. Be2 0-0 9. Nb3 e5 10. 0-0 exf4 11. Bxf4 Re8 12. Qxd6 Qb6+ 13. Kh1 Nxe4 14. Nxe4 Rxe4 15. Bf3 Re6 16. Qd2 Re8 17. c3 Ne5 18. Bxe5 Rxe5 19. Qf2 Qxf2 20. Rxf2 a5 21. Rd1 Be6 22. Bxb7 Rb8 23. Bf3 Reb5 24. Bc6 Bxb3 25. axb3 Rxb3 26. Bd5 Rxb2 27. Bxf7+ Kh8 28. Rxb2 Rxb2 29. Rd8+ Bf8 30. g3 Kg7 1/2-1/2

[Event "GER AM02-B email"]
[Site "GER email"]
[Date "2016.06.26"]
[Round "?"]
[White "Wenzel, Stefan"]
[Black "Schuster, Peter"]
[Result "1/2-1/2"]
[WhiteElo "2436"]
[BlackElo "2451"]
[PlyCount "85"]
[EventDate "2016.??.??"]
[EventType "tourn (corr)"]
[EventRounds "14"]
[EventCountry "GER"]
[SourceTitle "Corr 2017"]
[Source "ChessBase"]
[SourceDate "2017.09.19"]
[SourceVersion "1"]
[SourceVersionDate "2017.09.19"]
[SourceQuality "1"]

1. e4 c5 2. Nf3 Nc6 3. Bb5 e6 4. 0-0 Nge7 5. d4 cxd4 6. Nxd4 Qb6 7. Nxc6 bxc6 8. Bd3 Ng6 9. c4 Bc5 10. Nc3 Bd4 11. Rb1 a5 12. Na4 Qa7 13. c5 Bxc5 14. Nxc5 Qxc5 15. Be3 Qd6 16. Rc1 Nf4 17. Rc3 e5 18. Bxf4 exf4 19. e5 Qe6 20. Bc4 Qe7 21. Re1 Ba6 22. Bb3 0-0 23. h3 c5 24. Qf3 Rab8 25. Qxf4 c4 26. Bxc4 Bxc4 27. Qxc4 Rxb2 28. a3 Rd2 29. Qb5 Qd8 30. Rec1 d6 31. exd6 Rxd6 32. Rc5 Rd1+ 33. Rxd1 Qxd1+ 34. Qf1 Qd2 35. g3 g6 36. Kg2 Re8 37. Qb5 Re2 38. Rc8+ Kg7 39. Qc5 Qd7 40. g4 Re7 41. Qc3+ f6 42. Rc5 Qb7+ 43. Qf3 1/2-1/2